Lo que va de siglo / (Record no. 186841)

MARC details
000 -LEADER
campo de control de longitud fija 01026nam a2200265 i 4500
001 - NÚMERO DE CONTROL
campo de control 186841
003 - IDENTIFICADOR DE NÚMERO DE CONTROL
campo de control SpMaBN
005 - FECHA Y HORA DE LA ÚLTIMA TRANSACCIÓN
campo de control 20250829050652.0
008 - DATOS DE LONGITUD FIJA--INFORMACIÓN GENERAL
campo de control de longitud fija 170221s2011 sp |||| | spa d
020 ## - NÚMERO INTERNACIONAL ESTÁNDAR DEL LIBRO
Número Internacional Estándar del Libro 978-84-9920-119-1
080 ## - NÚMERO DE LA CLASIFICACIÓN DECIMAL UNIVERSAL
Número de la Clasificación Decimal Universal 82"19"
080 ## - NÚMERO DE LA CLASIFICACIÓN DECIMAL UNIVERSAL
Número de la Clasificación Decimal Universal 130.2"19"
100 1# - ENTRADA PRINCIPAL--NOMBRE DE PERSONA
Nombre de persona Puig, Valentí.
9 (RLIN) 94246
245 10 - MENCIÓN DEL TÍTULO
Título Lo que va de siglo /
Mención de responsabilidad, etc. Valentí Puig ; [prólogo de Ignacio Peyró Jiménez y José Bernardo San Juan].
260 ## - PUBLICACIÓN, DISTRIBUCIÓN, ETC.
Lugar de publicación, distribución, etc. Madrid :
Nombre del editor, distribuidor, etc. Centro Universitario Villanueva :
-- Encuentro,
Fecha de publicación, distribución, etc. [2011]
300 ## - DESCRIPCIÓN FÍSICA
Extensión 44 p. ;
Dimensiones 21 cm.
490 1# - MENCIÓN DE SERIE
Mención de serie Cuadernos de frontera ;
Designación de volumen o secuencia 17
594 ## - Nota al título y mención de responsabilidad
Nota al título y mención de responsabilidad Recoge, ampliada, la conferencia de inauguración del curso en el Centro Universitario Villanueva, dictada por el autor, en sept. de 2011.
650 07 - PUNTO DE ACCESO ADICIONAL DE MATERIA--TÉRMINO DE MATERIA
Término de materia o nombre geográfico como elemento de entrada Postmodernismo (Literatura)
Fuente del encabezamiento o término embne
9 (RLIN) 161847
650 07 - PUNTO DE ACCESO ADICIONAL DE MATERIA--TÉRMINO DE MATERIA
Término de materia o nombre geográfico como elemento de entrada Postmodernismo
Fuente del encabezamiento o término embne
9 (RLIN) 16329
710 2# - ENTRADA AGREGADA--NOMBRE DE ENTIDAD CORPORATIVA
Nombre de entidad corporativa o nombre de jurisdicción como elemento de entrada Centro Universitario Villanueva.
9 (RLIN) 161845
830 0# - PUNTO DE ACCESO ADICIONAL DE SERIE-TÍTULO UNIFORME
Título uniforme Cuadernos de frontera ;
Designación de volumen o secuencia 17
9 (RLIN) 192625
852 ## - LOCALIZACIÓN
Ubicación ES-MaACL
Número de control de estantería 2335-F-11
Holdings
Estatus retirado Estado de pérdida Estado de daño No para préstamo Colección Biblioteca de origen Biblioteca actual Ubicación en estantería Fecha de adquisición Fuente de adquisición Total de préstamos Signatura topográfica completa Código de barras Visto por última vez Precio de reemplazo Tipo de ítem Koha
        Colección de folletos Biblioteca del Ateneo de Madrid Biblioteca del Ateneo de Madrid Depósito folletos 21/02/2017     2335-F-11 1197081 23/02/2023 23/02/2023 Folleto